[Event "AUTO-OPEN-2059"]
[Site "http://www.queenalice.com/game.php?id=811650"]
[Date "2010.7.31"]
[Round "1"]
[White "Roger_Moore"]
[Black "sandromm"]
[Result "0-1"]
[WhiteElo "1320"]
[BlackElo "1733"]

1. e4 c5 2. Bc4 e6 3. Nc3 d6 4. d3 a6 5. a3 b5 6. Bb3 Bd7 7. Be3 a5 8. a4 b4 9.
Nb1 Nf6 10. Nd2 g6 11. h3 Bg7 12. Qf3 Bc6 13. g4 h6 14. h4 Nfd7 15. Rb1 O-O 16.
h5 g5 17. Qg3 Ne5 18. f4 Ned7 19. fxg5 Ne5 20. gxh6 Bh8 21. g5 Kh7 0-1

[Event "AUTO-OPEN-2059"]
[Site "http://www.queenalice.com/game.php?id=811651"]
[Date "2010.7.31"]
[Round "1"]
[White "sandromm"]
[Black "Roger_Moore"]
[Result "1-0"]
[WhiteElo "1724"]
[BlackElo "1316"]

1. e4 e5 2. Nf3 Qf6 3. d3 h6 4. c3 Nc6 5. g3 Bc5 6. Bg2 d6 7. b4 Bb6 8. a4 a6 9.
a5 Ba7 10. O-O g5 11. d4 exd4 12. cxd4 Nxd4 13. Nxd4 Bxd4 14. Ra2 Be6 15. Rd2
Ba7 16. Bb2 Qg6 17. Nc3 1-0

[Event "Let's Play Chess!"]
[Site "http://www.queenalice.com/game.php?id=967140"]
[Date "2011.7.31"]
[Round "-"]
[White "Roger_Moore"]
[Black "william_1987br"]
[Result "0-1"]
[WhiteElo "1301"]
[BlackElo "1596"]

1. e4 e5 2. Bc4 Nf6 3. d3 Bc5 4. h3 h5 5. Qf3 d6 6. Qg3 g6 7. Bg5 Nc6 8. c3 Qe7
9. a4 Be6 10. Bxe6 Qxe6 11. b4 Qb3 0-1

[Event "Let's Play Chess!"]
[Site "http://www.queenalice.com/game.php?id=967144"]
[Date "2011.7.31"]
[Round "-"]
[White "polakinho"]
[Black "Roger_Moore"]
[Result "0-1"]
[WhiteElo "1190"]
[BlackElo "1366"]

1. e4 e5 2. b3 Bc5 3. Qf3 d6 4. Bc4 Nf6 5. Qg3 g6 6. d3 h6 7. Qh4 g5 8. Bxg5
Nbd7 9. Bxh6 a6 10. Qg5 Rg8 11. Qh5 Nxh5 12. Nf3 Rxg2 13. Nc3 c6 14. a4 Bxf2+
15. Kf1 Rg6 16. Kxf2 Rxh6 17. Rhg1 Rg6 18. Rge1 Nb6 19. Bd5 cxd5 20. exd5 Bg4
21. h3 Bxf3 22. Kxf3 Qf6+ 23. Ke2 Rg2+ 24. Kd1 Qf3+ 25. Ne2 Nf4 26. Kd2 Nxe2 27.
Rxe2 Qxe2+ 28. Kc3 Qxc2+ 29. Kb4 Qc5# 0-1

[Event "AUTO-INT-2102"]
[Site "http://www.queenalice.com/game.php?id=967291"]
[Date "2011.7.31"]
[Round "1"]
[White "Piotr70"]
[Black "Roger_Moore"]
[Result "1-0"]
[WhiteElo "1434"]
[BlackElo "1321"]

1. e4 e5 2. Nf3 Qf6 3. Nc3 c6 4. Bc4 d6 5. d3 h6 6. O-O Be7 7. Re1 a5 8. b3 Qg6
9. g3 b5 10. Nd5 Bd8 11. Nb6 Bxb6 12. Nh4 Qf6 13. Qf3 bxc4 14. dxc4 Bg4 15. Qxf6
Nxf6 16. Ba3 Bd4 17. Bxd6 Bxa1 18. Rxa1 Nfd7 19. f3 Be6 20. f4 exf4 21. gxf4 f6
22. Ng6 1-0

[Event "AUTO-INT-2102"]
[Site "http://www.queenalice.com/game.php?id=967292"]
[Date "2011.7.31"]
[Round "1"]
[White "Roger_Moore"]
[Black "Piotr70"]
[Result "0-1"]
[WhiteElo "1333"]
[BlackElo "1422"]

1. e4 e5 2. d3 Nf6 3. h3 Nc6 4. c3 Bc5 5. a3 O-O 6. Qf3 Re8 7. g4 Na5 8. b4 Nb3
9. Ra2 d5 10. bxc5 Nxc1 11. Rb2 d4 12. c4 Bd7 13. Qd1 Nb3 14. Qxb3 b6 15. cxb6
axb6 16. Qd1 Ba4 17. Qe2 Kf8 18. g5 Nd7 19. h4 g6 20. Qg4 Nc5 0-1

[Event "AUTO-INT-2102"]
[Site "http://www.queenalice.com/game.php?id=967305"]
[Date "2011.7.31"]
[Round "1"]
[White "altair"]
[Black "Roger_Moore"]
[Result "1-0"]
[WhiteElo "1716"]
[BlackElo "1297"]

1. e4 e5 2. Nf3 d6 3. h3 h6 4. Bc4 a6 5. d3 Qf6 6. Nc3 c6 7. O-O Be7 8. a3 Qg6
9. Kh1 Qh7 10. d4 Bf6 11. dxe5 dxe5 12. Be3 g5 13. Bb6 Nd7 14. Bc7 Ne7 15. Re1
O-O 16. Nh2 a5 17. Ng4 Bg7 18. b4 axb4 19. axb4 Rxa1 20. Qxa1 1-0

[Event "AUTO-INT-2102"]
[Site "http://www.queenalice.com/game.php?id=967306"]
[Date "2011.7.31"]
[Round "1"]
[White "Roger_Moore"]
[Black "altair"]
[Result "0-1"]
[WhiteElo "1375"]
[BlackElo "1734"]

1. e4 e5 2. Bc4 Nf6 3. d3 h6 4. h3 Bc5 5. a3 d6 6. Bd2 Nc6 7. c3 a6 8. Qf3 g5 9.
h4 g4 10. Qe2 h5 11. g3 d5 12. exd5 Nxd5 13. f3 gxf3 14. Nxf3 Bg4 15. Qf1 Qd7
16. Nh2 O-O-O 17. Bg5 Rdf8 18. Nd2 f6 19. Nxg4 fxg5 20. Qg2 hxg4 21. Bxd5 Rf2
22. Qe4 gxh4 23. Bxc6 Qxc6 24. Qxg4+ Kb8 25. gxh4 Qxh1+ 0-1

[Event "AUTO-INT-2106"]
[Site "http://www.queenalice.com/game.php?id=969317"]
[Date "2011.8.6"]
[Round "1"]
[White "rafaeldias"]
[Black "Roger_Moore"]
[Result "1-0"]
[WhiteElo "1516"]
[BlackElo "1373"]

1. e4 e5 2. d4 exd4 3. Qxd4 Nc6 4. Qd5 Nf6 5. Qd3 h6 6. Nf3 Bc5 7. e5 Ng4 8. Be3
Nxe3 9. fxe3 b6 10. c4 Bb7 11. a3 a5 12. Be2 f6 13. O-O Qe7 14. Kh1 fxe5 15.
Qg6+ Kd8 16. e4 Nd4 17. Nxd4 Bxd4 18. Ra2 1-0

[Event "AUTO-INT-2106"]
[Site "http://www.queenalice.com/game.php?id=969318"]
[Date "2011.8.6"]
[Round "1"]
[White "Roger_Moore"]
[Black "rafaeldias"]
[Result "0-1"]
[WhiteElo "1308"]
[BlackElo "1526"]

1. e4 e5 2. d3 Nc6 3. a3 d5 4. Qf3 d4 5. c3 Bd7 6. b4 dxc3 7. Nxc3 Nd4 8. Qd1
Be6 9. Nge2 Nb3 10. Rb1 Nd4 11. Nxd4 Qxd4 12. Bb2 c6 13. Nd5 cxd5 14. Bxd4 exd4
15. exd5 Bxd5 16. Qg4 Be6 17. Qxd4 Rd8 18. Qxa7 Bd6 19. Qxb7 Nf6 20. d4 O-O 21.
Bd3 Bd5 22. Qb5 Bxg2 23. Rg1 Rfe8+ 24. Kd2 Bf4+ 25. Kc2 Re2+ 26. Bxe2 Be4+ 0-1

[Event "AUTO-INT-2106"]
[Site "http://www.queenalice.com/game.php?id=969343"]
[Date "2011.8.6"]
[Round "1"]
[White "jamba"]
[Black "Roger_Moore"]
[Result "0-1"]
[WhiteElo "1599"]
[BlackElo "1340"]

1. d4 e6 2. e3 a6 3. a3 Qf6 4. Bd3 c5 5. c4 b6 6. f4 Bb7 7. Nf3 cxd4 8. exd4 d5
9. Qb3 Nd7 10. c5 b5 11. O-O h5 12. Be3 h4 13. a4 Qd8 14. Ng5 g6 15. axb5 axb5
16. Qxb5 Rxa1 17. c6 Ba6 18. cxd7+ Qxd7 19. Qb8+ Ke7 20. Bc2 Bb7 21. g4 hxg3 22.
h3 f6 23. Nf3 Ra8 24. Ne5 fxe5 25. Qxe5 Rh5 26. f5 gxf5 27. Nc3 Rxh3 28. Bg5+
Kf7 29. Ba4 Bc6 30. Ra1 Bxa4 31. Nxa4 Rxa4 32. Rc1 Qd6 33. Rc7+ Ke8 34. Rc8+ Kd7
35. Rd8+ Kc6 36. Rc8+ Kb7 37. Qxd6 Bxd6 38. Rxg8 Rh2 39. Rg7+ Kc6 40. Be7 Ra1#
0-1

[Event "AUTO-INT-2106"]
[Site "http://www.queenalice.com/game.php?id=969344"]
[Date "2011.8.6"]
[Round "1"]
[White "Roger_Moore"]
[Black "jamba"]
[Result "1-0"]
[WhiteElo "1311"]
[BlackElo "1628"]

1. e4 c5 2. d3 d6 3. c3 Bd7 4. a3 Nc6 5. h3 Nf6 6. Qf3 g6 7. Be3 Bg7 8. Nd2 Rc8
9. Nc4 b5 10. Nd2 c4 11. dxc4 bxc4 12. Bxc4 e5 13. Bb5 Rb8 14. a4 Qa5 15. Nc4
Qc7 16. Bxc6 Bxc6 17. Qd1 Bxe4 18. Nxd6+ Ke7 19. Nxe4 Nxe4 20. Qc2 Qb7 21. b4
Nd6 22. Bc5 Qxg2 23. Qd3 Qxh1 24. Qxd6+ Ke8 25. Qe7# 1-0

[Event "AUTO-INT-2117"]
[Site "http://www.queenalice.com/game.php?id=973348"]
[Date "2011.8.17"]
[Round "1"]
[White "Roger_Moore"]
[Black "wladimir"]
[Result "0-1"]
[WhiteElo "1357"]
[BlackElo "1445"]

1. e4 e5 2. d3 Nc6 3. a3 Nf6 4. h3 a5 5. Be3 b6 6. Nf3 Nh5 7. g3 Be7 8. Nxe5 g6
9. Nxc6 dxc6 10. g4 Ng7 11. f3 c5 12. Nc3 h6 13. Nd5 Be6 14. Nxe7 Qxe7 15. h4 a4
0-1

[Event "AUTO-INT-2117"]
[Site "http://www.queenalice.com/game.php?id=973361"]
[Date "2011.8.17"]
[Round "1"]
[White "andydede"]
[Black "Roger_Moore"]
[Result "1-0"]
[WhiteElo "1680"]
[BlackElo "1363"]

1. e4 e5 2. Qf3 Bc5 3. Bc4 Nf6 4. Nh3 h6 5. Nc3 c6 6. Qg3 O-O 7. Be2 d6 8. d3 g5
9. Bxg5 hxg5 10. Qxg5+ Kh8 11. Qh6+ Nh7 12. f4 Qf6 13. Qh5 Bxh3 14. gxh3 Qxf4
15. Nd1 Nd7 16. Qf3 Qh4+ 17. Nf2 Bxf2+ 18. Qxf2 Qxh3 19. O-O-O f5 20. Bf1 Qh6+
21. Rd2 fxe4 22. Qg3 exd3 23. Bxd3 1-0

[Event "AUTO-INT-2117"]
[Site "http://www.queenalice.com/game.php?id=973362"]
[Date "2011.8.17"]
[Round "1"]
[White "Roger_Moore"]
[Black "andydede"]
[Result "0-1"]
[WhiteElo "1360"]
[BlackElo "1683"]

1. e4 e5 2. d3 Bc5 3. Qf3 Qf6 4. a3 Qxf3 5. Nxf3 f6 6. a4 Nc6 7. c3 Nh6 8. b4
Be7 9. Bxh6 gxh6 10. Nbd2 d6 11. h3 Be6 12. g4 O-O-O 13. a5 d5 14. Nh4 d4 15. b5
dxc3 16. bxc6 cxd2+ 17. Kxd2 bxc6 18. Nf5 Bb4+ 19. Kc2 c5 20. Nxh6 c4 21. Be2
Rd6 22. Rhb1 cxd3+ 23. Bxd3 Rc6+ 24. Kd1 Rd8 25. Ke2 Bc4 26. Bxc4 Rxc4 27. f3
Rc2+ 0-1

[Event "AUTO-INT-2117"]
[Site "http://www.queenalice.com/game.php?id=973371"]
[Date "2011.8.17"]
[Round "1"]
[White "Roger_Moore"]
[Black "brannach"]
[Result "0-1"]
[WhiteElo "1310"]
[BlackElo "1727"]

1. e4 c6 2. d3 d5 3. exd5 cxd5 4. d4 Nc6 5. c3 e6 6. h3 Nf6 7. Be3 Be7 8. Qf3
O-O 9. Be2 Bd6 10. Na3 e5 11. dxe5 Nxe5 12. Qg3 Ne4 13. Qh2 Nc4 14. Bf4 Qb6 15.
g3 Qxb2 0-1

[Event "AUTO-INT-2117"]
[Site "http://www.queenalice.com/game.php?id=973372"]
[Date "2011.8.17"]
[Round "1"]
[White "brannach"]
[Black "Roger_Moore"]
[Result "1-0"]
[WhiteElo "1621"]
[BlackElo "1375"]

1. d4 b6 2. e4 Bb7 3. Nc3 e6 4. d5 e5 5. Nf3 d6 6. Bc4 a6 7. a4 h6 8. Be3 Nf6 9.
b4 c6 10. O-O g5 11. dxc6 Bxc6 12. Nd2 Nfd7 13. b5 Bb7 14. Qf3 a5 15. Qxf7# 1-0